Obras completas / (Record no. 188496)

MARC details
000 -LEADER
campo de control de longitud fija 00770nam a2200181 i 4500
001 - NÚMERO DE CONTROL
campo de control 188496
003 - IDENTIFICADOR DE NÚMERO DE CONTROL
campo de control ES-MaACL
005 - FECHA Y HORA DE LA ÚLTIMA TRANSACCIÓN
campo de control 20250921063041.0
008 - DATOS DE LONGITUD FIJA--INFORMACIÓN GENERAL
campo de control de longitud fija 181211s1953 sp |||| | spa d
100 1# - ENTRADA PRINCIPAL--NOMBRE DE PERSONA
Nombre de persona Doyle, Arthur Conan,
Títulos y otros términos asociados al nombre Sir,
Fechas asociadas al nombre 1859-1930
9 (RLIN) 45552
245 10 - MENCIÓN DEL TÍTULO
Título Obras completas /
Mención de responsabilidad, etc. Sir Arthur Conan Doyle ; traduccion del inglés, prólogo y notas de Amando Lázaro Ros.
260 ## - PUBLICACIÓN, DISTRIBUCIÓN, ETC.
Lugar de publicación, distribución, etc. Madrid :
Nombre del editor, distribuidor, etc. Aguilar,
Fecha de publicación, distribución, etc. 1953-1954.
300 ## - DESCRIPCIÓN FÍSICA
Extensión 3 v. ;
Dimensiones 14 cm.
505 8# - NOTA DE CONTENIDO CON FORMATO
Nota de contenido con formato Contiene: 3. El Profesor Challenger; Rodney Stone; La tragedia del "Korosko"-- 4. Cuentos -- 5. La compañía Blanca ; Sir Nigel ; Las hazañas del Brigadier Gerard ; las aventuras de Gerard
700 0# - ENTRADA AGREGADA--NOMBRE PERSONAL
Nombre de persona Lázaro Ros, Amando.
9 (RLIN) 70807
852 ## - LOCALIZACIÓN
Ubicación ES-MaACL
Número de control de estantería P-125
Holdings
Estatus retirado Estado de pérdida Estado de daño No para préstamo Biblioteca de origen Biblioteca actual Ubicación en estantería Fecha de adquisición Fuente de adquisición Total de préstamos Signatura topográfica completa Código de barras Visto por última vez Precio de reemplazo Tipo de ítem Koha
        Biblioteca del Ateneo de Madrid Biblioteca del Ateneo de Madrid Depósito 2 11/12/2018     P-125 1199415 23/02/2023 23/02/2023 Libro impreso